00891nam a2200193 a 450000100100000000500170001000800410002704000250006810000480009324501070014125000110024826001050025930000360036450000550040004900090045595201050046495201110056999900170068000002698920200930030531.0110328s2003 dr ac 000 0 spa d aDO-SdBNPbspacBNPHU1 aJiménez Olavarrieta, José de Js.95409010aRecuerdo de mi vida y del hospital José María Cabral y Báez /cJosé Js. Jiménez Olavarrieta. a2a ed. cSantiago de los Caballero, República Dominicana:bCentro Gráfico Alfredo,c2003fEditora Central a199 p. :bil., retrs. ;c21 cm. aIncluye referencias biográficas del autor (p. 9) aBNPD 0010718PDaPDbPDcCTd2011-03-28iLF1l0o p26989-10r2020-06-25w2020-06-25yLFPDZNo se presta 0010718PDaPDbPDcCTd2011-03-28iLF1l0o p26989-20r2020-06-25te. 2w2020-06-25yLFPDZNo se presta c26481d26481